| 000 | 00966 am a22002775a 4500 | ||
|---|---|---|---|
| 001 | ocm53962079 | ||
| 003 | OSt | ||
| 005 | 20201128024243.0 | ||
| 008 | 031010s2005 enka b 001 0 eng | ||
| 020 | _a1861529651 | ||
| 020 | _a9781861529657 | ||
| 040 |
_aUKM _cUKM _dOCLCQ _dEG-ScBUE _beng |
||
| 082 | 0 | 4 |
_a658.4012 _222 _bWIT |
| 100 | 1 |
_aWit, Bob de. _935810 |
|
| 245 | 1 | 0 |
_aStrategy synthesis : _bresolving strategy paradoxes to create competitive advantage : text and readings / _cBob de Wit, Ron Meyer. |
| 246 | 3 | 0 |
_aResolving strategy paradoxes to create competitive advantage : _btext and readings |
| 250 | _a2nd ed. | ||
| 260 |
_aLondon : _bThomson Learning, _c2005. |
||
| 300 |
_axx, 469 p. : _bill. ; _c24 cm. |
||
| 504 | _aIncludes bibliographical references and index. | ||
| 541 | _aDonation from David Kirby. | ||
| 650 | 7 |
_aStrategic planning. _2BUEsh _91643 |
|
| 653 |
_bGGEN _cFebruary2018 |
||
| 700 | 1 |
_aMeyer, Ron, _d1962- _935811 |
|
| 942 | _2ddc | ||
| 999 |
_c26171 _d26143 |
||